[Event "Bad Woerishofen op"]
[Site "Bad Woerishofen"]
[Date "2001.??.??"]
[Round "8"]
[White "Koscielski, Janusch"]
[Black "Keller, Manfred"]
[Result "1-0"]
[WhiteElo "2358"]
[BlackElo "2229"]
[Annotator "ChessOrg"]
[PlyCount "121"]
[EventDate "1998.03.05"]
[Source "ChessBase"]
[SourceDate "1998.04.29"]

1. e4 {C45: Schottische Partie} 1... e5 2. Nf3 Nc6 3. d4 exd4 4. Nxd4 Bc5 5.
Nxc6 Qf6 6. Qd2 dxc6 7. Nc3 Be6 8. Na4 Rd8 9. Bd3 Bd4 10. O-O Qh4 11. Qf4 Qh5
12. Qg5 Qxg5 13. Bxg5 Ne7 14. Rfd1 {letzter Buchzug} 14... a6 15. c3 Ba7 16. b3
Rd7 17. Be2 Ng6 18. Kf1 b5 19. Nb2 f6 20. Rxd7 Kxd7 21. Rd1+ Kc8 22. Bc1 Ne5
23. Nd3 Nxd3 24. Bxd3 Bc5 25. Ke2 Re8 26. f3 g5 27. Kf1 Bd6 28. g3 h5 29. Be3
h4 30. Kg2 hxg3 31. hxg3 Rh8 32. Bd4 Rh3 33. Bf2 Rh8 34. Be2 Bh3+ 35. Kg1 Be6
36. c4 Be5 37. Bf1 Rh7 38. Be1 Rh8 39. Be2 Rh7 40. Bf2 (40. Kg2 40... Rd7 $14)
40... Rh6 41. Rc1 Kb7 42. Rd1 Kc8 43. Rd2 Rh7 44. Bf1 Rh8 45. a3 Rh7 46. Be2
Rh8 47. Rd1 Rh7 48. a4 Rd7 49. Rxd7 Bxd7 50. Kg2 Kb7 51. Bc5 Bd6 52. Bd4 Be5
53. Bxe5 fxe5 54. a5 c5 55. f4 exf4 56. gxf4 gxf4 57. Kf3 Be6 58. Kxf4 Kc6 (
58... Bf7 59. Ke5 $16) 59. e5 (59. Ke5 59... Bh3 $18) 59... bxc4 $16 60. Bxc4
Bc8 61. Kg5 (61. Kg5 Kd7 62. Kf6 $18) 1-0

[Event "Bad Woerishofen op"]
[Site "?"]
[Date "2001.??.??"]
[Round "1"]
[White "Krajewski, Wolfgang"]
[Black "Bonani, Georg"]
[Result "1-0"]
[WhiteElo "2199"]
[BlackElo "1794"]
[Annotator "ChessOrg"]
[PlyCount "57"]
[EventDate "2000.??.??"]

1. d4 {E62: Koenigsindisch (6...Sc6)} 1... Nf6 2. Nf3 g6 3. g3 Bg7 4. Bg2 O-O
5. O-O d6 6. c4 Nc6 7. Nc3 e5 8. d5 Ne7 9. Qc2 {letzter Buchzug} 9... Nd7 10.
e4 a5 11. Ne1 Nc5 12. Nd3 Nxd3 13. Qxd3 f5 14. f4 Bd7 (14... fxe4 15. Qxe4 a4
16. fxe5 Rxf1+ 17. Bxf1 Bxe5 18. Bg5 $11) 15. Bd2 (15. fxe5 dxe5 16. Be3 16...
Ra6 $11) 15... b6 (15... fxe4 16. Nxe4 exf4 17. Bxf4 $11) 16. Rae1 Qc8 (16...
fxe4 17. Qxe4 (17. Rxe4 $143 17... Bf5 $15) 17... Nf5 18. fxe5 Bxe5 19. Qd3 $11
) 17. Kh1 Kh8 18. Ne2 Ng8 19. Bc3 Qe8 20. Ng1 Nh6 21. Qd2 Ng4 22. h3 Nf6 23.
exf5 23... Bxf5 $2 (23... Nh5 $142 24. Ne2 24... gxf5 $16) 24. fxe5 $18 24...
Nh5 (24... dxe5 25. Bxe5 Qd7 26. g4 Nxg4 27. Bxg7+ Qxg7 28. hxg4 Bxg4 29. d6
Rxf1 30. Rxf1 $18 (30. Bxf1 $6 30... cxd6 31. Qg2 Qh6+ 32. Nh3 Qxh3+ 33. Qxh3
Bxh3 34. Bxh3 34... Rf8 $18) (30. Bxa8 $6 30... Rxe1 31. Qxe1 31... cxd6 $18))
25. Kh2 (25. Ne2 dxe5 26. g4 26... Qd8 $18) 25... Bxe5 26. Bxe5+ (26. Nf3 Nxg3
27. Bxe5+ dxe5 28. Kxg3 28... e4 $18) 26... dxe5 27. Qc3 (27. g4 Ng7 28. gxf5
28... gxf5 $18) 27... Ng7 28. Rxe5 28... Rd8 $4 (28... Qd7 $18) 29. Rxe8 (29.
Rxe8 Rdxe8 30. Qa3 $18) 1-0

[Event "Bad Woerishofen op"]
[Site "Bad Woerishofen"]
[Date "2001.??.??"]
[Round "3"]
[White "Krajewski, Wolfgang"]
[Black "Mueller, Wolfgang"]
[Result "1-0"]
[WhiteElo "2199"]
[BlackElo "1900"]
[Annotator "ChessOrg"]
[PlyCount "77"]
[EventDate "1998.03.05"]
[Source "ChessBase"]
[SourceDate "1998.04.29"]

1. d4 {D31: Damengambit (Halbslawisch)} 1... d5 2. c4 c6 3. Nc3 e6 4. Nf3 Bb4
5. e3 Nf6 6. Bd2 Nbd7 7. Qc2 O-O 8. Bd3 8... Re8 {letzter Buchzug} 9. Ne5 (9.
Rc1 e5 10. dxe5 Nxe5 11. Nxe5 Rxe5 12. cxd5 12... cxd5 $14) 9... dxc4 10. Bxc4
(10. Nxc4 e5 11. a3 exd4 12. axb4 dxc3 13. Bxc3 13... Qe7 $11) 10... Qa5 (10...
Nxe5 $5 11. dxe5 11... Ng4 $15) 11. f4 c5 12. O-O a6 (12... cxd4 13. exd4 Qd8
14. Qd3 $11) 13. Rf3 (13. a3 Bxc3 14. Bxc3 14... Qc7 $14) 13... b5 14. Bd3
14... Qc7 $2 (14... Bxc3 $5 $142 15. bxc3 15... c4 $11) 15. Rh3 Nf8 (15... h6
$142 16. Nxb5 axb5 17. Bxb4 17... c4 $16) 16. a3 $4 (16. Nxb5 $142 16... axb5
17. Bxb4 $18) 16... Bxc3 $11 17. bxc3 (17. Qxc3 $5 $142 17... c4 18. Rc1 $11)
17... c4 $15 18. Be2 Bb7 19. Rf1 Be4 20. Qd1 Qb7 21. Bf3 Bxf3 22. gxf3 Red8 23.
Qe1 Rac8 24. Rf2 Qe7 25. Bc1 Ng6 (25... N6d7 26. Rg2 $15) 26. Rg2 Nd5 27. Nxg6
fxg6 28. e4 Nf6 29. Qh4 Qf7 30. Qg5 Nh5 31. f5 (31. Rh4 $5 $11) 31... exf5 $17
32. e5 32... Qe6 $4 (32... Rd5 $17 $142) 33. Rxh5 $1 $18 33... Qf7 (33... gxh5
34. Qxg7#) 34. Rh3 Rd7 35. Rhg3 (35. Qh4 35... h5 $18) 35... Qe6 36. h4 Rf8 37.
h5 gxh5 38. Qxh5 Rdf7 (38... g6 $18) 39. Bh6 (39. Bh6 Qe7 40. Rxg7+ Rxg7 41.
Rxg7+ Qxg7+ 42. Bxg7 Kxg7 43. e6 $18) 1-0

[Event "Bad Woerishofen op"]
[Site "Bad Woerishofen"]
[Date "2001.??.??"]
[Round "5"]
[White "Krajewski, Wolfgang"]
[Black "Wallhof, Dieter"]
[Result "0-1"]
[WhiteElo "2199"]
[BlackElo "2061"]
[Annotator "ChessOrg"]
[PlyCount "92"]
[EventDate "1998.03.05"]
[Source "ChessBase"]
[SourceDate "1998.04.29"]

1. d4 {D21: Angenommenes Damengambit} 1... d5 2. c4 dxc4 3. Nf3 e6 4. Qa4+ Nd7
5. Qxc4 Ngf6 6. Nc3 Be7 7. e4 7... O-O {letzter Buchzug} 8. Be3 c6 9. Bd3 Qc7
10. e5 Nb6 11. Qb3 Nfd5 12. Rc1 f5 13. exf6 Bxf6 14. O-O Nf4 15. Bb1 Nbd5 16.
Qc2 g6 17. Rfe1 Bd7 18. Qe4 Bg7 19. Ne5 Nxc3 (19... Be8 20. Bc2 $14) 20. bxc3
$16 20... Nh5 21. Bg5 Rae8 22. Qh4 Bxe5 23. dxe5 (23. Rxe5 23... Ng7 $16) 23...
c5 (23... Ng7 24. Bf6 $14) 24. Re3 (24. g4 $5 24... Nf4 25. Qh6 $16) 24... Bc6
$14 25. Rce1 Qf7 26. Bh6 Ng7 27. Rh3 Qc7 28. Qg4 Qf7 29. f4 Rd8 30. Qe2 Rd7 31.
Rg3 Rfd8 32. Bxg7 (32. Rd3 $5 $14 $142) 32... Rd2 $15 33. Qe3 Kxg7 34. h4 (34.
a3 $5 $15) 34... Rd1 $17 35. h5 Rxe1+ 36. Qxe1 Qxf4 37. hxg6 h6 38. Bd3 b5 39.
Re3 Qg4 (39... a6 $5 $15) 40. Rg3 $11 40... Qf4 41. Re3 c4 42. Bf1 $2 (42. Bc2
$15 $142) 42... Rd1 $1 $19 43. Qe2 $2 43... Rxf1+ $1 44. Qxf1 Qxe3+ 45. Kh1
Qh3+ 46. Kg1 46... Qxg2+ $1 (46... Qxg2+ 47. Qxg2 47... Bxg2 $19) 0-1

[Event "Bad Woerishofen op"]
[Site "Bad Woerishofen"]
[Date "2001.??.??"]
[Round "7"]
[White "Krajewski, Wolfgang"]
[Black "Warnk, Torsten"]
[Result "1-0"]
[WhiteElo "2199"]
[BlackElo "2039"]
[Annotator "ChessOrg"]
[PlyCount "102"]
[EventDate "1998.03.05"]
[Source "ChessBase"]
[SourceDate "1998.04.29"]

1. d4 {D90: Gruenfeld-Verteidigung (Flohr-Variante)} 1... d5 2. Nf3 Nf6 3. c4
c6 4. Nc3 g6 5. Bf4 Bg7 6. cxd5 {letzter Buchzug} 6... Nxd5 7. Be5 Bxe5 8. Nxe5
Nd7 9. Nxd7 Qxd7 10. e4 Nxc3 11. bxc3 O-O 12. Bc4 Qg4 13. Qxg4 Bxg4 14. f3 Be6
15. Bb3 Rfd8 16. Ke2 Rac8 17. Rac1 (17. Bxe6 fxe6 18. Rhd1 18... Rc7 $14) 17...
Bxb3 $11 18. axb3 c5 19. Ke3 e6 20. Rhd1 cxd4+ 21. cxd4 Kf8 22. Rc4 Rxc4 (22...
b5 23. Rxc8 Rxc8 24. d5 $11) 23. bxc4 $14 23... e5 24. d5 b6 25. Ra1 Rd7 26. c5
bxc5 27. Kd3 Ke7 28. Ra6 Kd8 29. Kc4 Rb7 30. Kxc5 Kd7 31. d6 (31. g3 Rc7+ 32.
Kb5 Rb7+ 33. Kc4 Rc7+ 34. Kd3 34... Kc8 $14) 31... Ke6 $11 32. g3 h5 33. h4 Rb3
34. f4 (34. Rxa7 $143 34... Rc3+ 35. Kb5 35... Rxf3 $17) 34... Rc3+ 35. Kb4
Rxg3 36. fxe5 Re3 37. Rxa7 37... Rxe4+ $4 (37... Kxe5 $142 38. Kc4 38... Kxd6
$17) 38. Kc5 $18 38... Rxe5+ 39. Kc6 Kf6 (39... Rf5 40. Re7+ 40... Kf6 $18) 40.
d7 Ke7 41. Ra8 Rc5+ 42. Kxc5 Kxd7 43. Kd5 Ke7 44. Ra6 Kf8 45. Ke5 Kg7 46. Rb6
f5 47. Kf4 Kh6 48. Ra6 Kg7 49. Kg5 f4 (49... Kf7 50. Rf6+ Ke7 51. Kxg6 $18) 50.
Ra7+ (50. Rf6 f3 51. Rxf3 Kh7 52. Rf7+ Kh8 53. Kxg6 Kg8 54. Rf6 Kh8 55. Rf8#)
50... Kg8 $18 51. Kxf4 g5+ (51... Kf8 $18) 1-0

[Event "Bad Woerishofen op"]
[Site "Bad Woerishofen"]
[Date "2001.??.??"]
[Round "9"]
[White "Krajewski, Wolfgang"]
[Black "Porubszki, Georg"]
[Result "1-0"]
[WhiteElo "2199"]
[BlackElo "1908"]
[Annotator "ChessOrg"]
[PlyCount "101"]
[EventDate "1998.03.05"]
[Source "ChessBase"]
[SourceDate "1998.04.29"]

1. d4 {A53: Altindisch} 1... d6 2. Nf3 Nf6 3. c4 Bf5 4. Nc3 c6 5. g3 Nbd7 6.
Bg2 e5 7. O-O h6 8. Re1 {letzter Buchzug} 8... Be7 9. e4 Bg4 10. h3 Bxf3 (10...
exd4 11. Qxd4 Bxf3 12. Bxf3 $11) 11. Bxf3 (11. Qxf3 $143 11... exd4 12. Ne2
12... c5 $15) 11... Qb6 12. d5 O-O 13. Qc2 cxd5 14. cxd5 (14. exd5 Rfc8 15. b3
15... a6 $16) 14... Rfc8 $14 15. Be3 Qd8 16. Qd2 a6 17. Bg2 b5 18. Kh2 Nc5 19.
b4 Ncd7 20. a4 bxa4 21. Nxa4 Rc4 22. f3 Qb8 23. Reb1 Qc7 24. Rc1 Rc8 25. Rxc4
Qxc4 26. Rc1 (26. Bf1 Qb3 27. Ra2 27... Ra8 $16) 26... Qxc1 $14 27. Qxc1 Rxc1
28. Bxc1 Ne8 29. Bf1 Nc7 30. Be3 Bg5 31. f4 exf4 32. gxf4 Bh4 33. Nc5 $6 (33.
Bd2 $14 $142) 33... dxc5 $17 34. bxc5 Nb8 (34... Nf6 35. d6 Ne6 36. Bd3 $15)
35. Bc4 (35. c6 35... Be7 $11) 35... Kf8 (35... Bd8 36. c6 a5 37. f5 $15) 36.
e5 (36. c6 36... Bd8 $15) 36... Nxd5 (36... a5 $5 $17 $142) 37. Bxd5 $11 37...
Bd8 38. c6 Bc7 39. Bc5+ Ke8 40. Bd6 Kd8 41. Kg3 (41. Bxf7 $143 41... Bxd6 42.
exd6 42... Nxc6 $17) 41... f6 42. Kg4 fxe5 43. fxe5 (43. Bxe5 Bxe5 44. fxe5
44... Kc7 $15) 43... g6 44. h4 a5 45. h5 gxh5+ 46. Kf5 46... a4 $4 (46... Na6
$11 $142) 47. Ba3 47... Ke8 $4 (47... Kc8 $142 48. e6 48... Bd8 $18) 48. Kf6 (
48. e6 $142 48... Na6 49. Bf3 $18) 48... Bd8+ 49. Kg7 Bc7 (49... Ba5 50. Bd6 a3
51. Bxb8 a2 52. Bxa2 52... Kd8 $18) 50. e6 Be5+ 51. Kg6 (51. Kg6 Kd8 52. e7+
Kc7 53. e8=Q Bd6 54. Qf7+ Nd7 55. Qxd7+ Kb6 56. Qb7+ Ka5 57. Bc4 Bxa3 58. Qb5#)
1-0

[Event "Bad Woerishofen op"]
[Site "?"]
[Date "2001.??.??"]
[Round "1"]
[White "Krizsany, Laszlo"]
[Black "Federer, Hans-Joachim"]
[Result "1-0"]
[WhiteElo "2455"]
[BlackElo "2025"]
[Annotator "ChessOrg"]
[PlyCount "47"]
[EventDate "2000.??.??"]

1. d4 {E73: Koenigsindisch (Awerbach-Angriff)} 1... Nf6 2. c4 g6 3. Nc3 Bg7 4.
e4 d6 5. Be2 O-O 6. Bg5 h6 7. Be3 Nc6 8. Qd2 {letzter Buchzug} 8... Kh7 9. d5
Nb8 10. h3 c6 11. Nf3 Nbd7 12. O-O c5 13. Bd3 a6 14. a4 Rb8 15. Rfe1 Re8 16.
Bf4 Nf8 (16... Nh5 $5 $11 $142) 17. e5 $16 17... dxe5 $2 (17... N6d7 $16 $142)
18. Nxe5 $18 (18. Rxe5 $6 18... N8d7 $16) (18. Bxe5 $6 18... Ra8 $16) 18... Kg8
19. Nxf7 $1 (19. Bxh6 $6 19... Bxh6 20. Qxh6 20... N6d7 $18) 19... Kxf7 20.
Bxb8 Bxh3 21. Bf4 (21. gxh3 $6 21... Qxb8 22. Bc2 22... Kg8 $18) 21... Bd7 22.
Bxh6 Qc7 23. Bxg7 Kxg7 24. Qg5 (24. Qg5 b6 25. Re3 $18) 1-0

[Event "Bad Woerishofen op"]
[Site "Bad Woerishofen"]
[Date "2001.??.??"]
[Round "3"]
[White "Krizsany, Laszlo"]
[Black "Hahn, Guenter"]
[Result "1-0"]
[WhiteElo "2455"]
[BlackElo "2170"]
[Annotator "ChessOrg"]
[PlyCount "61"]
[EventDate "1998.03.05"]
[Source "ChessBase"]
[SourceDate "1998.04.29"]

1. d4 {A40: Verschiedene (seltene) Antworten auf 1.d4} 1... e6 2. c4 Bb4+ 3.
Bd2 Qe7 4. Nf3 f5 5. g3 b6 6. Bg2 Bb7 7. O-O Bxd2 8. Qxd2 Nf6 9. Nc3 9... Ne4 {
letzter Buchzug} 10. Nxe4 Bxe4 11. Ne1 Bxg2 12. Nxg2 O-O 13. Rfe1 Nc6 14. d5
Ne5 15. Qc3 Ng4 16. Rad1 e5 17. d6 cxd6 18. Qa3 f4 19. f3 19... Nxh2 $2 (19...
Nh6 $5 $142 20. Qxd6 Qxd6 21. Rxd6 21... Rac8 $14) 20. Kxh2 fxg3+ 21. Kxg3 Rf6
22. Rh1 Raf8 23. Qd3 Rg6+ 24. Kf2 e4 25. Qd5+ Kh8 26. Rh3 exf3 27. Rxf3 Rxf3+
28. exf3 (28. Qxf3 $6 28... Rf6 29. Nf4 29... g5 $11) 28... h6 29. Qa8+ Kh7 30.
Qe4 (30. Qxa7 Qe5 31. Rd2 31... Qh2 $17) 30... Qg5 $4 (30... Qxe4 31. fxe4 Rf6+
32. Ke2 32... Re6 $18) 31. Nf4 (31. Nf4 d5 32. Qxg6+ Qxg6 33. Nxg6 Kxg6 34.
Rxd5 $18) 1-0

[Event "Bad Woerishofen op"]
[Site "Bad Woerishofen"]
[Date "2001.??.??"]
[Round "5"]
[White "Krizsany, Laszlo"]
[Black "Sokolov, Andrei"]
[Result "1/2-1/2"]
[WhiteElo "2455"]
[BlackElo "2566"]
[Annotator "ChessOrg"]
[PlyCount "83"]
[EventDate "1998.03.05"]
[Source "ChessBase"]
[SourceDate "1998.04.29"]

1. d4 {E15: Damenindisch (Hauptfortsetzung, Abweichungen)} 1... Nf6 2. c4 e6 3.
Nf3 b6 4. g3 Ba6 5. b3 Bb4+ 6. Bd2 Be7 7. Bg2 c6 8. Bc3 d5 9. Nbd2 Nbd7 10. O-O
O-O 11. Re1 11... Ne8 {letzter Buchzug} 12. e4 Nc7 13. Rc1 Bb7 14. b4 dxc4 15.
Nxc4 Nb5 16. Bd2 Nf6 17. Qb3 Nxd4 18. Nxd4 Qxd4 19. Bc3 Qd8 20. Red1 Qc8 21.
Bxf6 gxf6 22. e5 f5 23. Nd6 Bxd6 24. exd6 Rd8 25. Qe3 Rd7 26. Qg5+ Kh8 27. Qf6+
Kg8 28. Qg5+ (28. Bxc6 Bxc6 29. b5 Qf8 30. Qg5+ Kh8 31. Rxc6 31... f6 $16)
28... Kh8 $14 29. Bxc6 Bxc6 30. b5 $1 30... Qf8 (30... Bxb5 31. Rf1) 31. Qf6+
Kg8 32. Qg5+ (32. Rxc6 32... Rad8 $16) 32... Kh8 33. Qf6+ (33. Rxc6 f6 34. Qe3
34... e5 $16) 33... Kg8 34. bxc6 (34. Rxc6 $5 $142 34... Rad8 35. Qg5+ Qg7 36.
Qxg7+ Kxg7 37. f4 $14) 34... Rxd6 $11 35. Qg5+ Kh8 36. Qf6+ Kg8 37. Qg5+ Kh8
38. Qf6+ Kg8 39. c7 Rc8 40. Qg5+ Kh8 41. Qf6+ Kg8 42. Qg5+ 1/2-1/2

[Event "Bad Woerishofen op"]
[Site "Bad Woerishofen"]
[Date "2001.??.??"]
[Round "7"]
[White "Krizsany, Laszlo"]
[Black "Fuchs, Heinz"]
[Result "1/2-1/2"]
[WhiteElo "2455"]
[BlackElo "2328"]
[Annotator "ChessOrg"]
[PlyCount "87"]
[EventDate "1998.03.05"]
[Source "ChessBase"]
[SourceDate "1998.04.29"]

1. d4 {E74: Koenigsindisch (Awerbach-Angriff)} 1... Nf6 2. c4 g6 3. Nc3 Bg7 4.
e4 d6 5. Be2 O-O 6. Bg5 h6 7. Be3 c5 8. d5 e6 9. Nf3 exd5 10. exd5 Bf5 11. O-O
Re8 12. Qd2 {letzter Buchzug} 12... Kh7 13. Rae1 Na6 14. h3 Ne4 15. Nxe4 Bxe4 (
15... Rxe4 $143 16. Bd3 Re7 17. Bxf5 gxf5 18. Re2 $14) 16. a3 Nc7 17. b4 b6 (
17... cxb4 18. axb4 b5 19. Nd4 bxc4 20. Bxc4 Bxd5 21. Bxd5 Nxd5 22. Nc6 Nxe3
23. Nxd8 Nxf1 24. Kxf1 Rxe1+ 25. Qxe1 Rxd8 26. Qe7 $16) 18. Qc1 Rc8 19. Nd2
Nxd5 (19... Bf5 20. Qd1 $11) 20. Nxe4 Nxe3 21. Qxe3 (21. fxe3 $143 21... Rxe4
22. Rxf7 cxb4 23. axb4 23... Re7 $11) 21... f5 22. Bf3 fxe4 (22... cxb4 23. Qd3
fxe4 24. Bxe4 $14) 23. Bxe4 Bd4 24. Qd3 Qf6 25. g3 (25. Re2 25... Re5 $14)
25... Kg7 (25... b5 26. bxc5 bxc4 27. Qxc4 dxc5 28. Re2 $15) 26. Kg2 Rc7 27. b5
Rce7 28. f3 Bc3 29. Re2 Bd4 30. a4 Qg5 31. Qd2 (31. f4 31... Qf6 $14) 31... Qf6
32. Qd3 Qg5 33. a5 (33. f4 33... Qf6 $14) 33... Qf6 (33... bxa5 34. Ra2 $11)
34. Ra2 Qg5 (34... bxa5 $5 35. Rxa5 35... h5 $14) 35. axb6 $16 35... axb6 36.
Ra6 Rb8 37. Re1 (37. f4 $5 $142 37... Qf6 38. f5 $16) 37... Be5 $11 38. f4 Bxf4
(38... Qxf4 39. gxf4) 39. h4 39... Qg4 $2 (39... Qxg3+ $142 40. Qxg3 Bxg3 41.
Kxg3 41... Rbe8 $14) 40. Bf5 $1 $18 40... gxf5 (40... Qxf5 41. Qxf5) 41. Rxe7+
Kf6 42. Raa7 Rg8 43. Rf7+ Kg6 44. h5+ $1 1/2-1/2

[Event "Bad Woerishofen op"]
[Site "Bad Woerishofen"]
[Date "2001.??.??"]
[Round "9"]
[White "Krizsany, Laszlo"]
[Black "Naiditsch, Arkadij"]
[Result "0-1"]
[WhiteElo "2455"]
[BlackElo "2484"]
[Annotator "ChessOrg"]
[PlyCount "76"]
[EventDate "1998.03.05"]
[Source "ChessBase"]
[SourceDate "1998.04.29"]

1. d4 {E11: Damenindisch (Bogoljubow-Variante)} 1... Nf6 2. c4 e6 3. Nf3 Bb4+
4. Bd2 Qe7 5. g3 Nc6 6. Bg2 Bxd2+ 7. Nbxd2 d6 8. O-O a5 9. e4 e5 10. d5 Nb8 11.
Ne1 O-O 12. Nd3 Na6 13. b3 c6 14. a3 Bd7 15. dxc6 bxc6 16. f4 16... Ng4 {
letzter Buchzug} 17. Qe2 Nh6 (17... exf4 18. gxf4 Rfe8 19. h3 $11) 18. c5 (18.
Rad1 exf4 19. Rxf4 19... Nc7 $11) 18... Nxc5 $15 19. Nxc5 dxc5 20. f5 f6 (20...
Rfb8 21. Rab1 $15) 21. Rac1 Nf7 22. Qc4 Rfd8 23. Qxc5 Qxc5+ 24. Rxc5 a4 25. b4
Nd6 26. Rfc1 Nb5 27. Nb1 Nd4 28. Bf1 g6 29. g4 h5 30. h3 hxg4 31. hxg4 Kg7 32.
R1c3 (32. Rd1 $5 $14 $142) 32... Nb3 $15 33. R5c4 c5 34. Rxc5 Nxc5 35. bxc5 $2
(35. Rxc5 $5 35... Rac8 36. Rc3 $17) 35... Bc6 (35... Rdc8 36. Bc4 Rxc5 37. Be6
Rxc3 38. Nxc3 $19) 36. Bd3 Rab8 37. Nd2 Rb2 (37... Bb5 38. Bxb5 Rxd2 39. Rd3
$19) 38. Nc4 Rb3 (38... Rb3 39. Rxb3 39... axb3 $19) 0-1

[Event "Bad Woerishofen op"]
[Site "?"]
[Date "2001.??.??"]
[Round "1"]
[White "Krklec, Daniel"]
[Black "Pruess, Martin"]
[Result "1-0"]
[WhiteElo "1800"]
[BlackElo "1840"]
[Annotator "ChessOrg"]
[PlyCount "59"]
[EventDate "2000.??.??"]

1. d4 {A41: Moderne Verteidigung} 1... d6 2. c4 e5 3. d5 f5 4. Nc3 4... Nf6 {
letzter Buchzug} 5. g3 g6 6. Bg2 e4 7. h4 Nbd7 8. Bg5 h6 9. Be3 Ne5 10. Nh3 Bg7
11. O-O 11... Nxc4 $4 (11... O-O $11 $142) 12. Qa4+ $18 12... c6 13. Qxc4 c5 (
13... Qd7 14. Nf4 $18) 14. Nf4 Ng4 15. Nxg6 Rg8 16. Nd1 (16. Nf4 Nxe3 17. fxe3
17... Qe7 $18) 16... Bf6 (16... Nxe3 17. Nxe3 17... Bd4 $18) 17. Nf4 Bxh4 18.
Ne6 (18. Qb5+ Kf7 19. Ne6 Bxe6 20. dxe6+ Kxe6 21. gxh4 Qxh4 22. Qb3+ c4 23.
Qxc4+ 23... d5 $19) 18... Qe7 (18... Bxe6 19. dxe6 (19. gxh4 $6 19... Nxe3 20.
Nxe3 20... Bd7 $14) 19... Bg5 20. Qd5 $18) 19. Bf4 (19. gxh4 $142 19... Qxh4
20. Bf4 $18) 19... Bg5 20. Qa4+ (20. Bxg5 hxg5 21. f3 exf3 22. Bxf3 Bxe6 23.
Bxg4 Bc8 24. Bxf5 24... Rh8 $18) 20... Kf7 21. f3 21... Bxf4 $2 (21... exf3
$142 22. exf3 22... Ne5 $18) 22. fxg4 (22. Nxf4 $6 22... Nf6 23. Kh2 23... Bd7
$18) (22. gxf4 $6 22... Nf6 23. Qb3 exf3 24. Rxf3 Nxd5 25. Nd8+ Kf8 26. Qxd5
26... Qxd8 $16) 22... Bxg3 (22... Bd7 23. Qc2 Be5 24. Rxf5+ 24... Bf6 $18) 23.
Rxf5+ Kg6 24. Bxe4 Bxe6 25. dxe6 d5 (25... Rge8 26. Rf7+ Kg5 27. Rxe7 27...
Rxe7 $18) 26. Rf7+ dxe4 27. Rxe7 (27. Qxe4+ Kg5 28. Qf5+ Kh4 29. Qh5#) 27...
Kf6 28. Rf7+ Kxe6 (28... Ke5 29. Rf5+ Kxe6 30. Qxe4+ Be5 31. Rxe5+ Kd6 32. Qd5+
Kc7 33. Qxc5+ Kb8 34. Qd6+ Kc8 35. Rc1#) 29. Qd7+ Ke5 30. Rf5# 1-0

[Event "Bad Woerishofen op"]
[Site "Bad Woerishofen"]
[Date "2001.??.??"]
[Round "3"]
[White "Krklec, Daniel"]
[Black "Joergens, Markus"]
[Result "1-0"]
[WhiteElo "1800"]
[BlackElo "2276"]
[Annotator "ChessOrg"]
[PlyCount "57"]
[EventDate "1998.03.05"]
[Source "ChessBase"]
[SourceDate "1998.04.29"]

1. d4 {E33: Nimzoindisch (4.Dc2)} 1... e6 2. c4 Nf6 3. Nc3 Bb4 4. Qc2 Nc6 5.
Nf3 d6 6. Bg5 h6 7. Bd2 Qe7 8. e4 {letzter Buchzug} 8... a5 (8... e5 9. d5 Nd4
10. Nxd4 exd4 11. Qa4+ c6 12. dxc6 $11) 9. a3 $14 9... Bxc3 10. Bxc3 e5 11. d5
Nb8 12. b4 axb4 13. axb4 Rxa1+ 14. Bxa1 O-O 15. Be2 g6 (15... Bg4 16. O-O $11)
16. Nd2 Na6 17. Bc3 c6 18. dxc6 bxc6 19. Qa4 (19. O-O $14 $142) 19... d5 $2 (
19... Bb7 $11 $142) 20. cxd5 $18 (20. Qxc6 d4 21. Bb2 21... Nxb4 $17) 20... Nc7
(20... cxd5 21. Bxa6 d4 22. Ba1 $18) 21. dxc6 (21. Qxc6 Nfe8 22. Qc5 22... Qd8
$18) 21... Be6 (21... Bg4 22. f3 Ra8 23. Qc2 $18) 22. O-O (22. Qa5 $142 22...
Nh7 23. Qxe5 23... f6 $18) 22... Ra8 23. Qc2 Ra2 (23... Qd6 24. Rc1 $18) 24.
Qb1 Qd6 25. b5 Rxd2 26. Bxd2 Qxd2 27. b6 Qxe2 (27... Qd8 28. Rd1 28... Qb8 $18)
28. b7 Na6 29. c7 $1 (29. c7 Nxc7 30. b8=Q+ Nce8 31. Re1 $18) 1-0

[Event "Bad Woerishofen op"]
[Site "Bad Woerishofen"]
[Date "2001.??.??"]
[Round "5"]
[White "Krklec, Daniel"]
[Black "Naegele, Thomas"]
[Result "0-1"]
[WhiteElo "1800"]
[BlackElo "2189"]
[Annotator "ChessOrg"]
[PlyCount "76"]
[EventDate "1998.03.05"]
[Source "ChessBase"]
[SourceDate "1998.04.29"]

1. d4 {E87: Koenigsindisch (Saemisch-Angriff)} 1... Nf6 2. c4 g6 3. Nc3 Bg7 4.
e4 d6 5. f3 O-O 6. Be3 e5 7. d5 Ne8 8. g4 {letzter Buchzug} 8... f5 9. gxf5
gxf5 10. Qd2 Qh4+ 11. Bf2 Qh5 12. O-O-O Bh6 13. Be3 Bxe3 14. Qxe3 Na6 15. exf5
Bxf5 16. Nge2 Bg6 17. Bg2 Ng7 18. Ng3 Nf5 19. Qd2 Qh4 20. Nge2 $2 (20. Nxf5
$142 20... Rxf5 21. Ne4 $15) 20... Qxc4 $19 21. f4 (21. Rhg1 21... Nh4 $19)
21... Qc5 (21... Nb4 22. b3 Qc5 23. Be4 $19) 22. fxe5 (22. Be4 Nb4 23. Kb1
23... Qe3 $17) 22... dxe5 (22... Nb4 23. Nf4 Nxa2+ 24. Kb1 Nxc3+ 25. Qxc3 Qxc3
26. bxc3 dxe5 27. Nxg6 hxg6 28. Rhe1 $19) 23. Rhg1 (23. Be4 $5 $17) 23... Nb4
$19 24. Be4 Nxa2+ 25. Kb1 Nxc3+ 26. Nxc3 Ne7 (26... Rf7 27. d6 cxd6 28. Bd5
Ne3+ 29. Rxg6+ hxg6 30. Bxf7+ Kxf7 31. Ne4 $19) 27. Qh6 Rf6 28. Bd3 (28. Qg5 $5
28... Rf2 29. Bxg6 Nxg6 30. Qxe5 30... Raf8 $17) 28... Qb4 29. Ne4 (29. Qd2
29... Kh8 $19) 29... Rb6 30. Rd2 (30. Qc1 Nxd5 31. Bc4 31... c6 $19) 30... Kh8
(30... Nxd5 $142 31. h4 31... Kh8 $19) 31. Rf2 $4 (31. Qg5 31... Nf5 $19 (31...
Nxd5 $2 32. Qxe5+ Nf6 33. Nxf6 $18)) 31... Nf5 (31... Qd4 $142 32. Kc1 Qxd3 33.
Rf7 Qb1+ 34. Kxb1 Bxe4+ 35. Kc1 Rxh6 36. Rxe7 Rxh2 37. Re1 Bxd5 38. R1xe5 $19)
32. Qg5 $2 (32. Qh3 $19 $142) 32... Qd4 33. Qd2 (33. Rd2 33... Rxb2+ $1 34.
Rxb2 Qxd3+ 35. Kc1 Qxe4 36. Rxb7 Nd4 37. Qf6+ 37... Kg8 $19) 33... Ne3 (33...
Nd6 $142 34. Qc3 Nxe4 35. Qxd4 35... exd4 $19) 34. Nc5 (34. Rxg6 Rxg6 35. Ng3
$19) 34... Nc4 35. Qd1 Rxb2+ 36. Kc1 Rxf2 (36... Qc3+ 37. Rc2 Qa3 38. Bxc4
Rxc2+ 39. Kb1 Qb2#) 37. Bxg6 (37. Qb3 Qa1+ 38. Bb1 Rb2 39. Qxb2 Qxb2+ 40. Kd1
Qd2#) 37... Qc3+ (37... Qb2#) 38. Bc2 (38. Qc2 Rxc2+ 39. Bxc2 Qa1+ 40. Bb1 Qb2+
41. Kd1 Qd2#) 38... Qb2# 0-1